| 000 -LEADER |
| fixed length control field |
00587nam a22002175i 4500 |
| 003 - CONTROL NUMBER IDENTIFIER |
| control field |
OSt |
| 005 - DATE AND TIME OF LATEST TRANSACTION |
| control field |
20240117150005.0 |
| 008 - FIXED-LENGTH DATA ELEMENTS--GENERAL INFORMATION |
| fixed length control field |
220119s2022 mau 000 0 eng |
| 020 ## - INTERNATIONAL STANDARD BOOK NUMBER |
| International Standard Book Number |
9783035623321 |
| Qualifying information |
(hardcover) |
| 020 ## - INTERNATIONAL STANDARD BOOK NUMBER |
| Cancelled/invalid ISBN |
9783035623345 |
| Qualifying information |
(adobe pdf) |
| 040 ## - CATALOGING SOURCE |
| Original cataloging agency |
DLC |
| Language of cataloging |
eng |
| Description conventions |
rda |
| Transcribing agency |
DLC |
| 042 ## - AUTHENTICATION CODE |
| Authentication code |
pcc |
| 082 ## - DEWEY DECIMAL CLASSIFICATION NUMBER |
| Classification number |
720.92 |
| Item number |
DIE |
| 100 1# - MAIN ENTRY--PERSONAL NAME |
| Personal name |
Dietziker, Céline, |
| Relator term |
author. |
| 245 10 - TITLE STATEMENT |
| Title |
Aalto in detail : |
| Remainder of title |
a catalog of components / |
| Statement of responsibility, etc |
Céline Dietziker, Lukas Gruntz. |
| 250 ## - EDITION STATEMENT |
| Edition statement |
1. |
| 263 ## - PROJECTED PUBLICATION DATE |
| Projected publication date |
2205 |
| 300 ## - PHYSICAL DESCRIPTION |
| Extent |
pages cm |
| 700 1# - ADDED ENTRY--PERSONAL NAME |
| Personal name |
Gruntz, Lukas, |
| Relator term |
author. |
| 942 ## - ADDED ENTRY ELEMENTS (KOHA) |
| Source of classification or shelving scheme |
|